El Lenguaje religioso de George W. Bush: análisis semántico y teológico /
Salvato in:
| Autore principale: | |
|---|---|
| Natura: | testo |
| Soggetti: | |
| Tags: |
Aggiungi Tag
Nessun Tag, puoi essere il primo ad aggiungerne!!
|
MARC
| LEADER | 00000 a a2200000 04500 | ||
|---|---|---|---|
| 001 | 11786 | ||
| 003 | |||
| 040 | |||
| 100 | |a Stam, Juan | ||
| 245 | |a El Lenguaje religioso de George W. Bush: |b análisis semántico y teológico / |c Juan Stam | ||
| 650 | |a GUERRA | ||
| 650 | |a RELIGION | ||
| 650 | |a IDEOLOGIAS | ||
| 773 | |g número 108; páginas 21-25 | ||
| 999 | |c 31400 |d 31400 | ||
| 773 | 0 | |0 41641 |9 2466 |a Departamento Ecuménico de Investigaciones (DEI) |d San José, Costa Rica Departamento Ecuménico de Investigaciones (DEI) |o 20191 |t Pasos / | |
